000 00988nam a2200205 i 4500
001 185334
003 ES-MaACL
005 20241110171436.0
008 160523s1901 xxk |||| | eng d
110 2 _aBernard Quaritch (Firma)
_9159203
245 1 2 _aA catalogue of choice and valuble books topography, genealogy, heraldry english literature and illustrated books sport, americana, early printed books, etc. including the library aof the late colonel Newsome and important purchase from the Ashburton, Peel, an Sykes collections :
_boffered at the net prices affixed /
_cby Bernard Quaritch.
260 _aLondon :
_bBernard Quaritch,
_c1901.
300 _a72 p. ;
_c25 cm.
594 _aPrecede al tít.: nº 204, february, 1901.
610 2 4 _aBernard Quaritch (Firma)-
_vCatálogos.
_9159595
650 4 _aLibros-
_vCatálogos comerciales.
_9159004
852 _aES-MaACL
_jT-969-F-15
_z.- Enc. en un vol. facticio con la cub. original
942 _2udc
999 _c185334
_d185334